| 000 | 00899nas a2200289 4500 | ||
|---|---|---|---|
| 001 | BR0104119 | ||
| 003 | BR-BrBNA | ||
| 005 | 20231205102410.0 | ||
| 007 | ta | ||
| 008 | 230509b bl.|||p| |||| 00| 00por d | ||
| 040 |
_aBR-BrBNA _bpor _cBiblioteca Nacional de Agricultura |
||
| 041 | _a(Pt) | ||
| 072 | _aE14; F30 | ||
| 100 | 1 | _aPortugal, A.D. | |
| 245 | 1 | _aO desenvolvimento da biotecnologia agropecuaria no Brasil | |
| 650 | _aBiotecnologia | ||
| 650 | _aDNA | ||
| 650 | _aSeguranca Alimentar | ||
| 650 | _aPlanta Transgenica | ||
| 650 | _aComercio | ||
| 650 | _aConsumidor | ||
| 650 | _aTransferencia de Tecnologia | ||
| 773 | 0 |
_tRevista de Política Agrícola (Brazil) _xISSN 1413-4969 _g(Jul-Sep 2000), v. 9(3) p. 16-23 _wBR0104119 |
|
| 856 | 4 |
_uRev_Pol_Agr_v9_n3-2000.pdf#page=17 _yRecurso eletrônico (PDF) |
|
| 909 |
_a202311 _bLúcia _c55 _dLúcia Elande |
||
| 942 |
_2AGRIS _n0 _cANA |
||
| 999 |
_c167368 _d167368 |
||